000 00549nam a22001697a 4500
005 20251108164831.0
008 250721s1993 xx 000 0 ara d
082 1 4 _a616.462/محم
100 1 _aإبراهيم، محمد صلاح الدين
245 1 0 _aالسكر :
_bأسبابه - مضاعفاته - و علاجه /
264 1 _aالقاهره :
_bمركز الأهرام للترجمة و النشر،
_c1993.
300 _a163ص
490 0 _aإعرف صحتك ؛ 8
650 1 7 _aمرض السكر
942 _2ddc
_cBK
999 _c15464
_d15464